000 00774cam a2200265 4500
001 42874
003 GBCCL
005 20241126110351.0
008 720302s1972 nyu b 001 0 eng
010 _a 70176059 //r932
035 _a(OCoLC)00266782
040 _aDLC
_cDLC
049 _aLBBK
050 0 0 _aBL51
_b.M624
082 0 0 _a210.1
_bMIL
092 _a201.1
_bM647
100 1 _aMiller, Ed. L.
_q(Ed. LeRoy),
_d1937-
_91694
245 1 0 _aGod and reason;
_ba historical approach to philosophical theology
_c[by] Ed. L. Miller.
260 _aNew York,
_bMacmillan
_c[1972]
300 _axi, 244 p.
_c21 cm.
504 _aIncludes bibliographical references.
650 0 _aPhilosophical theology.
_91695
650 0 _aFaith and reason.
_91696
942 _2ddc
_cBK
_010
999 _c1009
_d1009